[Event "Varsity Oxford-Cambridge 135th"]
[Site "RAC Club, London"]
[Date "2017.03.11"]
[Round "1"]
[White "Griffiths, Ryan Rhys"]
[Black "Martins, David Pires Tavares"]
[Result "1/2-1/2"]
[WhiteElo "2356"]
[BlackElo "2389"]
[EventDate "2017.03.11"]
[EventType "team-match"]
[EventRounds "1"]
[EventCountry "ENG"]
[WhiteTeam "Cambridge University"]
[BlackTeam "Oxford University"]
[WhiteTeamCountry "ENG"]
[BlackTeamCountry "ENG"]

1.c4 { [%clk 1:59:57] } 1...f5 { [%clk 1:59:48] } 2.g3 { [%clk 1:59:38] } 2...Nf6 { [%clk 1:59:38] } 3.Bg2 { [%clk 1:59:22] } 3...g6 { [%clk 1:59:22] } 4.Nc3 { [%clk 1:59:07] } 4...Bg7 { [%clk 1:59:11] } 5.d3 { [%clk 1:58:42] } 5...O-O { [%clk 1:58:48] } 6.e4 { [%clk 1:58:12] } 6...fxe4 { [%clk 1:51:52] } 7.dxe4 { [%clk 1:57:50] } 7...d6 { [%clk 1:51:41] } 8.Nge2 { [%clk 1:56:41] } 8...c6 { [%clk 1:51:15] } 9.O-O { [%clk 1:56:04] } 9...Na6 { [%clk 1:49:02] } 10.h3 { [%clk 1:54:50] } 10...e5 { [%clk 1:42:51] } 11.Be3 { [%clk 1:52:41] } 11...Be6 { [%clk 1:42:17] } 12.b3 { [%clk 1:52:16] } 12...Qe7 { [%clk 1:41:53] } 13.Qd2 { [%clk 1:46:44] } 13...Nc5 { [%clk 1:40:22] } 14.Rad1 { [%clk 1:39:55] } 14...Rad8 { [%clk 1:38:56] } 15.Qc2 { [%clk 1:37:05] } 15...b6 { [%clk 1:35:43] } 16.Rd2 { [%clk 1:35:19] } 16...Rfe8 { [%clk 1:27:23] } 17.Kh2 { [%clk 1:28:19] } 17...Qc7 { [%clk 1:26:20] } 18.Rfd1 { [%clk 1:19:18] } 18...Bf7 { [%clk 1:20:27] } 19.Qb2 { [%clk 1:04:10] } 19...Ne6 { [%clk 1:13:32] } 20.b4 { [%clk 0:59:47] } 20...Nf8 { [%clk 1:00:59] } 21.c5 { [%clk 0:54:06] } 21...dxc5 { [%clk 1:00:24] } 22.bxc5 { [%clk 0:52:28] } 22...b5 { [%clk 1:00:00] } 23.a4 { [%clk 0:50:02] } 23...a6 { [%clk 0:59:37] } 24.axb5 { [%clk 0:22:46] } 24...axb5 { [%clk 0:59:16] } 25.Na2 { [%clk 0:11:15] } 25...Ne6 { [%clk 0:58:22] } 26.Nb4 { [%clk 0:09:52] } 26...Rxd2 { [%clk 0:52:32] } 27.Rxd2 { [%clk 0:09:46] } 27...Rd8 { [%clk 0:49:35] } 28.Rxd8+ { [%clk 0:08:30] } 28...Nxd8 { [%clk 0:49:28] } 29.Nc1 { [%clk 0:07:15] } 29...Bc4 { [%clk 0:41:19] } 30.Qa3 { [%clk 0:07:09] } 30...Bf8 { [%clk 0:40:33] } 31.Qa8 { [%clk 0:06:29] } 31...Kg7 { [%clk 0:37:07] } 32.Ncd3 { [%clk 0:05:57] } 32...Bxd3 { [%clk 0:32:44] } 33.Nxd3 { [%clk 0:05:47] } 33...Nd7 { [%clk 0:28:30] } 34.h4 { [%clk 0:04:36] } 34...Ne6 { [%clk 0:26:57] } 35.Nb4 { [%clk 0:03:36] } 35...Nexc5 { [%clk 0:22:58] } 36.Nxc6 { [%clk 0:02:51] } 36...Qb7 { [%clk 0:18:38] } 37.Qxb7 { [%clk 0:02:45] } 37...Nxb7 { [%clk 0:18:30] } 38.Bf1 { [%clk 0:02:22] } 38...Bc5 { [%clk 0:12:49] } 39.Bxb5 { [%clk 0:00:25] } 39...Bxe3 { [%clk 0:12:40] } 40.fxe3 { [%clk 0:00:22] } 40...Nd6 { [%clk 0:12:33] } 41.Bd3 { [%clk 0:55:01] } 41...Kf6 { [%clk 1:12:24] } 42.Kg2 { [%clk 0:49:56] } 42...Nc5 { [%clk 1:11:10] } 1/2-1/2

[Event "Varsity Oxford-Cambridge 135th"]
[Site "RAC Club, London"]
[Date "2017.03.11"]
[Round "3"]
[White "Van der Velden, Bram"]
[Black "Foo Zhi Rong, Benjamin"]
[Result "1/2-1/2"]
[WhiteElo "2170"]
[BlackElo "2271"]
[EventDate "2017.03.11"]
[EventType "team-match"]
[EventRounds "1"]
[EventCountry "ENG"]
[WhiteTeam "Cambridge University"]
[BlackTeam "Oxford University"]
[WhiteTeamCountry "ENG"]
[BlackTeamCountry "ENG"]

1.d4 { [%clk 1:59:45] } 1...Nf6 { [%clk 1:59:43] } 2.c4 { [%clk 1:59:37] } 2...e6 { [%clk 1:59:22] } 3.Nc3 { [%clk 1:59:27] } 3...Bb4 { [%clk 1:59:16] } 4.Qc2 { [%clk 1:59:01] } 4...O-O { [%clk 1:59:06] } 5.a3 { [%clk 1:57:48] } 5...Bxc3+ { [%clk 1:58:41] } 6.Qxc3 { [%clk 1:57:02] } 6...b5 { [%clk 1:55:29] } 7.cxb5 { [%clk 1:54:21] } 7...c6 { [%clk 1:54:55] } 8.Bg5 { [%clk 1:51:26] } 8...cxb5 { [%clk 1:52:53] } 9.e3 { [%clk 1:49:43] } 9...Bb7 { [%clk 1:49:54] } 10.Nf3 { [%clk 1:47:44] } 10...h6 { [%clk 1:48:10] } 11.Bh4 { [%clk 1:44:43] } 11...g5 { [%clk 1:24:25] } 12.Bg3 { [%clk 1:41:06] } 12...Na6 { [%clk 1:23:48] } 13.b4 { [%clk 1:20:06] } 13...Qb6 { [%clk 0:59:24] } 14.Qd3 { [%clk 1:11:22] } 14...Nc7 { [%clk 0:57:25] } 15.Be2 { [%clk 1:05:55] } 15...Be4 { [%clk 0:47:26] } 16.Qd2 { [%clk 1:03:26] } 16...Ncd5 { [%clk 0:45:42] } 17.O-O { [%clk 0:58:39] } 17...Bh7 { [%clk 0:40:18] } 18.Bd3 { [%clk 0:56:14] } 18...Ne4 { [%clk 0:40:05] } 19.Bxe4 { [%clk 0:54:20] } 19...Bxe4 { [%clk 0:39:38] } 20.Ne5 { [%clk 0:52:47] } 20...Nf6 { [%clk 0:37:43] } 21.f3 { [%clk 0:47:47] } 21...Bh7 { [%clk 0:37:01] } 22.Bf2 { [%clk 0:37:35] } 22...d6 { [%clk 0:35:51] } 23.Nd3 { [%clk 0:37:01] } 23...Bxd3 { [%clk 0:35:02] } 24.Qxd3 { [%clk 0:36:59] } 24...Rfc8 { [%clk 0:29:36] } 25.Rac1 { [%clk 0:33:05] } 25...Qa6 { [%clk 0:18:47] } 26.h4 { [%clk 0:30:31] } 26...Rc4 { [%clk 0:16:42] } 27.hxg5 hxg5 { [%clk 0:16:29] } 28.e4 { [%clk 0:28:50] } 28...Rac8 { [%clk 0:15:46] } 29.Be3 { [%clk 0:25:42] } 29...Nh7 { [%clk 0:13:13] } 30.f4 { [%clk 0:23:01] } 30...Rxc1 { [%clk 0:11:47] } 31.Bxc1 { [%clk 0:21:19] } 31...Qc6 { [%clk 0:11:28] } 32.fxg5 { [%clk 0:08:43] } 32...Qc3 { [%clk 0:10:42] } 33.Qd1 { [%clk 0:08:04] } 33...Rc4 { [%clk 0:09:28] } 34.Qh5 { [%clk 0:05:04] } 34...Qxd4+ { [%clk 0:08:52] } 35.Kh1 { [%clk 0:04:17] } 35...Qg7 { [%clk 0:08:15] } 36.Qf3 { [%clk 0:02:17] } 36...Nf8 { [%clk 0:04:38] } 37.Kg1 { [%clk 0:01:45] } 37...Ng6 { [%clk 0:03:57] } 38.Bb2 { [%clk 0:01:27] } 38...e5 { [%clk 0:02:42] } 39.Qf6 { [%clk 0:00:54] } 39...Qxf6 { [%clk 0:00:24] } 40.Rxf6 { [%clk 0:00:41] } 40...Rc2 { [%clk 0:00:08] } 41.Rf2 { [%clk 0:56:44] } 41...Rxf2 { [%clk 0:56:40] } 42.Kxf2 { [%clk 0:56:32] } 42...Nf4 { [%clk 0:56:31] } 43.Kf3 { [%clk 0:53:42] } 43...Kg7 { [%clk 0:54:22] } 44.g3 { [%clk 0:50:03] } 44...Ne6 { [%clk 0:53:12] } 45.Kg4 { [%clk 0:48:14] } 45...Kg6 { [%clk 0:52:26] } 46.Bc1 { [%clk 0:47:22] } 46...Nd4 { [%clk 0:49:56] } 47.Bd2 { [%clk 0:42:19] } 47...a6 { [%clk 0:44:53] } 48.Be3 { [%clk 0:39:58] } 48...Nc2 { [%clk 0:37:43] } 49.Bc1 { [%clk 0:39:29] } 49...Ne1 { [%clk 0:34:42] } 50.Be3 { [%clk 0:26:25] } 50...Nc2 { [%clk 0:33:55] } 51.Bc1 { [%clk 0:23:51] } 51...Ne1 { [%clk 0:33:51] } 52.Be3 { [%clk 0:23:27] } 52...Nd3 { [%clk 0:33:32] } 53.Bb6 { [%clk 0:21:45] } 53...Nb2 { [%clk 0:32:14] } 54.Bc7 { [%clk 0:21:17] } 54...Nc4 { [%clk 0:32:12] } 55.Bb8 { [%clk 0:20:51] } 55...Kg7 { [%clk 0:32:11] } 56.Kh5 { [%clk 0:18:56] } 56...Kh7 { [%clk 0:31:44] } 57.Bc7 { [%clk 0:18:12] } 57...Kg7 { [%clk 0:31:11] } 58.Bb8 { [%clk 0:18:06] } 58...Kh7 { [%clk 0:30:03] } 59.Bc7 { [%clk 0:16:58] } 59...Kg7 { [%clk 0:22:24] } 60.Bb8 { [%clk 0:15:51] } 1/2-1/2

[Event "Varsity Oxford-Cambridge 135th"]
[Site "RAC Club, London"]
[Date "2017.03.11"]
[Round "4"]
[White "Aguiar, Henrique Rui Neves"]
[Black "Andreev, Peter"]
[Result "1-0"]
[WhiteElo "2186"]
[BlackElo "1999"]
[EventDate "2017.03.11"]
[EventType "team-match"]
[EventRounds "1"]
[EventCountry "ENG"]
[BlackTeam "Cambridge University"]
[WhiteTeam "Oxford University"]
[WhiteTeamCountry "ENG"]
[BlackTeamCountry "ENG"]

1.e4 { [%clk 1:59:54] } 1...c5 { [%clk 1:59:51] } 2.Nf3 { [%clk 1:59:53] } 2...Nc6 { [%clk 1:59:41] } 3.d3 { [%clk 1:59:52] } 3...g6 { [%clk 1:59:00] } 4.g3 { [%clk 1:59:46] } 4...Bg7 { [%clk 1:58:53] } 5.Bg2 { [%clk 1:59:45] } 5...e5 { [%clk 1:58:24] } 6.O-O { [%clk 1:59:42] } 6...Nge7 { [%clk 1:58:08] } 7.c3 { [%clk 1:59:40] } 7...O-O { [%clk 1:57:27] } 8.a3 { [%clk 1:59:23] } 8...d6 { [%clk 1:53:18] } 9.b4 { [%clk 1:58:52] } 9...h6 { [%clk 1:52:24] } 10.Nbd2 { [%clk 1:57:58] } 10...Be6 { [%clk 1:51:44] } 11.Re1 { [%clk 1:52:06] } 11...Qd7 { [%clk 1:47:13] } 12.Nb3 { [%clk 1:45:35] } 12...b6 { [%clk 1:45:56] } 13.Bb2 { [%clk 1:39:47] } 13...f5 { [%clk 1:34:12] } 14.exf5 { [%clk 1:34:00] } 14...gxf5 { [%clk 1:31:17] } 15.b5 { [%clk 1:31:53] } 15...Na5 { [%clk 1:28:38] } 16.Nxa5 { [%clk 1:31:25] } 16...bxa5 { [%clk 1:03:27] } 17.c4 { [%clk 1:31:23] } 17...f4 { [%clk 1:01:54] } 18.Nd2 { [%clk 1:21:23] } 18...Bg4 { [%clk 0:59:04] } 19.Qa4 { [%clk 1:09:07] } 19...f3 { [%clk 0:56:23] } 20.Bh1 { [%clk 1:08:50] } 20...a6 { [%clk 0:52:00] } 21.Bc3 { [%clk 1:03:11] } 21...Qf5 { [%clk 0:48:26] } 22.Ne4 { [%clk 0:56:11] } 22...Qg6 { [%clk 0:38:53] } 23.b6 { [%clk 0:53:00] } 23...Nf5 { [%clk 0:35:50] } 24.Rab1 { [%clk 0:44:39] } 24...Nh4 { [%clk 0:27:04] } 25.b7 { [%clk 0:40:19] } 25...Rab8 { [%clk 0:26:54] } 26.Qc6 { [%clk 0:39:50] } 26...Ng2 { [%clk 0:23:42] } 27.Bxg2 { [%clk 0:34:40] } 27...fxg2 { [%clk 0:23:37] } 28.Qxd6 { [%clk 0:34:32] } 28...Qf5 { [%clk 0:18:58] } 29.Bxa5 { [%clk 0:30:04] } 29...Bf3 { [%clk 0:18:20] } 30.Qxc5 { [%clk 0:28:44] } 30...Qh3 { [%clk 0:16:38] } 31.Bc7 { [%clk 0:25:58] } 31...Rf5 { [%clk 0:14:19] } 32.Qd5+ { [%clk 0:25:51] } 32...Kh7 { [%clk 0:14:02] } 33.Qe6 { [%clk 0:25:33] } 33...Bg4 { [%clk 0:13:11] } 34.Qxf5+ { [%clk 0:23:49] } 34...Bxf5 { [%clk 0:13:09] } 35.Bxb8 { [%clk 0:23:42] } 35...Bc8 { [%clk 0:10:31] } 36.c5 { [%clk 0:21:25] } 36...Qd7 { [%clk 0:09:23] } 37.bxc8=Q { [%clk 0:20:37] } 37...Qxc8 { [%clk 0:09:20] } 38.Bd6 { [%clk 0:20:11] } 38...Qc6 { [%clk 0:07:37] } 39.Kxg2 { [%clk 0:19:22] } 39...Qd5 { [%clk 0:07:06] } 40.Rb6 { [%clk 0:19:09] } 40...Qxd3 { [%clk 0:06:38] } 41.c6 { [%clk 0:18:56] } 1-0

[Event "Varsity Oxford-Cambridge 135th"]
[Site "RAC Club, London"]
[Date "2017.03.11"]
[Round "5"]
[White "Leon Cazares, Gustavo"]
[Black "Monev, Aleksandar"]
[Result "1/2-1/2"]
[WhiteElo "2059"]
[BlackElo "2224"]
[EventDate "2017.03.11"]
[EventType "team-match"]
[EventRounds "1"]
[EventCountry "ENG"]
[WhiteTeam "Cambridge University"]
[BlackTeam "Oxford University"]
[WhiteTeamCountry "ENG"]
[BlackTeamCountry "ENG"]

1.e4 { [%clk 1:59:54] } 1...c5 { [%clk 1:59:47] } 2.c3 { [%clk 1:59:25] } 2...Nf6 { [%clk 1:59:15] } 3.e5 { [%clk 1:58:32] } 3...Nd5 { [%clk 1:58:53] } 4.Nf3 { [%clk 1:58:19] } 4...e6 { [%clk 1:58:30] } 5.Bc4 { [%clk 1:57:48] } 5...Nb6 { [%clk 1:57:44] } 6.Bb3 { [%clk 1:57:03] } 6...d6 { [%clk 1:56:46] } 7.exd6 { [%clk 1:55:52] } 7...Bxd6 8.d4 { [%clk 1:52:43] } 8...O-O { [%clk 1:50:09] } 9.O-O Bd7 { [%clk 1:37:29] } 10.Be3 { [%clk 1:39:49] } 10...Qe7 11.Nbd2 { [%clk 1:28:47] } 11...Bc6 { [%clk 1:25:34] } 12.Re1 { [%clk 1:11:56] } 12...h6 { [%clk 1:07:47] } 13.Qe2 { [%clk 0:55:31] } 13...N8d7 14.Rad1 { [%clk 0:48:57] } 14...Nd5 { [%clk 0:48:36] } 15.Ne4 Nxe3 { [%clk 0:35:28] } 16.Qxe3 { [%clk 0:48:05] } 16...Bxe4 { [%clk 0:34:02] } 17.Qxe4 { [%clk 0:47:58] } 17...Nf6 { [%clk 0:33:41] } 18.Qh4 { [%clk 0:46:11] } 18...Qc7 19.dxc5 { [%clk 0:39:31] } 19...Bxc5 { [%clk 0:30:44] } 20.Nd4 { [%clk 0:38:40] } 20...Rad8 { [%clk 0:28:41] } 21.g3 { [%clk 0:30:33] } 21...Qb6 { [%clk 0:26:12] } 22.Re2 { [%clk 0:24:35] } 22...Bxd4 23.cxd4 { [%clk 0:24:12] } 23...Rd6 { [%clk 0:21:24] } 24.Qf4 { [%clk 0:21:18] } 24...Rfd8 { [%clk 0:16:32] } 25.Red2 { [%clk 0:19:09] } 25...Qa5 26.Qf3 Qb4 { [%clk 0:15:07] } 27.Qe3 { [%clk 0:13:50] } 27...Nd5 { [%clk 0:12:10] } 28.Qf3 { [%clk 0:08:41] } 28...Ne7 29.Rd3 { [%clk 0:04:43] } 29...Nc6 { [%clk 0:09:52] } 30.a3 { [%clk 0:04:28] } 30...Qb6 31.Ba4 { [%clk 0:04:14] } 31...Nxd4 { [%clk 0:06:23] } 32.Qe4 { [%clk 0:03:56] } 32...Qxb2 33.Kg2 Nf5 { [%clk 0:03:58] } 34.Rxd6 { [%clk 0:03:47] } 34...Rxd6 { [%clk 0:03:41] } 35.Rb1 Qxa3 { [%clk 0:02:43] } 36.Rb3 { [%clk 0:03:36] } 36...Qc5 { [%clk 0:02:03] } 37.Qxb7 Qd5+ { [%clk 0:01:28] } 38.Qxd5 { [%clk 0:03:27] } 38...Rxd5 { [%clk 0:01:22] } 39.Rb8+ { [%clk 0:03:21] } 39...Kh7 40.Rb7 { [%clk 0:03:02] } 40...Kg6 { [%clk 0:00:08] } 41.Rxa7 { [%clk 1:02:10] } 41...Kf6 { [%clk 0:58:13] } 42.h4 { [%clk 1:00:01] } 42...g5 { [%clk 0:50:52] } 43.hxg5+ { [%clk 0:53:38] } 43...hxg5 44.Bb3 { [%clk 0:52:38] } 44...Rd2 { [%clk 0:48:33] } 45.Ra2 { [%clk 0:51:48] } 45...Rd8 { [%clk 0:45:32] } 46.Bc4 { [%clk 0:51:04] } 46...Ne7 { [%clk 0:38:58] } 47.Be2 { [%clk 0:48:36] } 47...Nc6 { [%clk 0:35:08] } 48.Bh5 { [%clk 0:46:29] } 48...Rd4 49.Rc2 { [%clk 0:46:18] } 49...Ne5 { [%clk 0:34:22] } 50.Be2 { [%clk 0:44:56] } 50...g4 { [%clk 0:29:05] } 51.Ra2 { [%clk 0:43:26] } 51...Kg7 { [%clk 0:27:31] } 52.Ra5 { [%clk 0:41:56] } 52...Re4 { [%clk 0:26:49] } 53.Kf1 f5 { [%clk 0:26:22] } 54.Ra6 { [%clk 0:41:15] } 54...Kf6 { [%clk 0:25:07] } 55.Ra2 { [%clk 0:37:45] } 55...Nf7 { [%clk 0:24:30] } 56.Rc2 { [%clk 0:36:43] } 56...Ng5 { [%clk 0:23:46] } 57.Kg2 { [%clk 0:35:21] } 57...Rd4 { [%clk 0:23:02] } 58.Ra2 { [%clk 0:33:10] } 58...Ne4 { [%clk 0:20:38] } 59.Rb2 Nc3 { [%clk 0:20:33] } 60.Rc2 { [%clk 0:29:48] } 60...Nd5 { [%clk 0:17:44] } 61.Kf1 { [%clk 0:28:32] } 61...Rb4 { [%clk 0:17:00] } 62.Bc4 { [%clk 0:26:46] } 62...Rb1+ { [%clk 0:16:50] } 63.Kg2 Ne7 64.Re2 { [%clk 0:26:01] } 64...Rb6 { [%clk 0:16:38] } 65.Ra2 Rb4 { [%clk 0:15:53] } 66.Rc2 { [%clk 0:24:37] } 66...Ng6 67.Be2 { [%clk 0:24:10] } 67...Ne5 { [%clk 0:15:37] } 68.Ra2 { [%clk 0:23:15] } 68...Rb1 { [%clk 0:14:38] } 69.Rc2 { [%clk 0:21:46] } 69...Re1 70.Ra2 { [%clk 0:21:07] } 70...Nc6 { [%clk 0:13:51] } 71.Rd2 Ke5 72.Ba6 { [%clk 0:15:48] } 72...Nd4 { [%clk 0:12:48] } 73.Rb2 { [%clk 0:15:16] } 73...Kf6 { [%clk 0:12:02] } 74.Bb7 { [%clk 0:08:38] } 74...e5 { [%clk 0:08:59] } 75.f3 gxf3+ { [%clk 0:08:41] } 76.Bxf3 { [%clk 0:08:28] } 76...Nxf3 77.Kxf3 { [%clk 0:08:19] } 77...Ra1 { [%clk 0:08:18] } 78.Kf2 { [%clk 0:06:53] } 78...Ra3 { [%clk 0:07:04] } 79.Rb8 { [%clk 0:06:06] [%clk 0:06:53] } 79...e4 { [%clk 0:06:02] } 80.Re8 { [%clk 0:05:41] [%clk 0:06:06] } 80...Ra2+ { [%clk 0:05:04] } 81.Kf1 { [%clk 0:05:13] } 81...Kg5 82.Rg8+ { [%clk 0:05:11] } 82...Kf6 { [%clk 0:04:23] } 83.Re8 { [%clk 0:05:03] } 83...Ra6 { [%clk 0:04:14] } 84.Kf2 Re6 85.Ra8 { [%clk 0:04:58] } 85...Kg5 { [%clk 0:04:02] } 86.Rg8+ { [%clk 0:04:56] } 86...Rg6 { [%clk 0:04:00] } 87.Rh8 f4 { [%clk 0:03:47] } 88.gxf4+ { [%clk 0:04:47] } 88...Kxf4 89.Rh3 { [%clk 0:04:40] } 89...Rb6 { [%clk 0:03:38] } 90.Ra3 { [%clk 0:04:39] } 90...Rb2+ { [%clk 0:03:36] } 91.Ke1 { [%clk 0:04:36] } 91...e3 { [%clk 0:03:33] } 92.Ra8 { [%clk 0:04:34] } 92...Kf3 93.Rf8+ 1/2-1/2

[Event "Varsity Oxford-Cambridge 135th"]
[Site "RAC Club, London"]
[Date "2017.03.11"]
[Round "7"]
[White "Scibior, Adam"]
[Black "De Vogelaere, Robin"]
[Result "1-0"]
[WhiteElo "2229"]
[BlackElo "1962"]
[EventDate "2017.03.11"]
[EventType "team-match"]
[EventRounds "1"]
[EventCountry "ENG"]
[WhiteTeam "Cambridge University"]
[BlackTeam "Oxford University"]
[WhiteTeamCountry "ENG"]
[BlackTeamCountry "ENG"]

1.Nf3 { [%clk 1:59:57] } 1...Nf6 { [%clk 1:59:58] } 2.c4 { [%clk 1:59:47] } 2...g6 { [%clk 1:59:45] } 3.d4 { [%clk 1:59:41] } 3...Bg7 { [%clk 1:59:28] } 4.g3 { [%clk 1:59:34] } 4...O-O { [%clk 1:59:19] } 5.Bg2 { [%clk 1:59:30] } 5...d6 { [%clk 1:58:58] } 6.Nc3 { [%clk 1:59:20] } 6...Nc6 { [%clk 1:58:49] } 7.h3 { [%clk 1:50:19] } 7...a6 { [%clk 1:57:27] } 8.O-O { [%clk 1:47:57] } 8...Bd7 { [%clk 1:55:45] } 9.e4 { [%clk 1:35:31] } 9...e5 { [%clk 1:51:29] } 10.d5 { [%clk 1:35:23] } 10...Nd4 { [%clk 1:50:49] } 11.Nxd4 { [%clk 1:13:00] } 11...exd4 { [%clk 1:50:39] } 12.Qxd4 { [%clk 1:07:52] } 12...Qc8 { [%clk 1:49:10] } 13.h4 { [%clk 1:03:34] } 13...Ng4 { [%clk 1:47:04] } 14.Qd2 { [%clk 1:02:47] } 14...Ne5 { [%clk 1:41:39] } 15.b3 { [%clk 1:01:21] } 15...Bh3 { [%clk 1:19:57] } 16.Bb2 { [%clk 0:43:57] } 16...Qg4 { [%clk 0:52:25] } 17.Qe3 { [%clk 0:43:44] } 17...f5 { [%clk 0:48:04] } 18.f4 { [%clk 0:36:39] } 18...Bh6 { [%clk 0:43:31] } 19.Ne2 { [%clk 0:36:30] } 19...Bxg2 { [%clk 0:39:13] } 20.Kxg2 { [%clk 0:36:24] } 20...Rae8 { [%clk 0:38:23] } 21.Nd4 { [%clk 0:34:06] } 21...fxe4 { [%clk 0:25:58] } 22.Ne6 { [%clk 0:33:09] } 22...Nd3 { [%clk 0:23:20] } 23.Qd4 { [%clk 0:25:09] } 23...Qe2+ { [%clk 0:22:51] } 24.Rf2 { [%clk 0:25:02] } 24...Qxf2+ { [%clk 0:22:51] } 25.Qxf2 { [%clk 0:25:02] } 25...Nxf2 26.Kxf2 { [%clk 0:24:21] } 26...Rf7 { [%clk 0:22:06] } 27.Re1 { [%clk 0:23:56] } 27...c6 { [%clk 0:16:26] } 28.Rxe4 { [%clk 0:13:38] } 28...cxd5 { [%clk 0:16:11] } 29.cxd5 { [%clk 0:13:37] } 29...Rc8 { [%clk 0:15:54] } 30.Re2 { [%clk 0:12:40] } 30...b5 { [%clk 0:14:20] } 31.Kf3 { [%clk 0:11:50] } 31...Rb7 { [%clk 0:09:11] } 32.g4 { [%clk 0:11:10] } 32...b4 { [%clk 0:08:32] } 33.h5 { [%clk 0:09:23] } 33...gxh5 { [%clk 0:06:30] } 34.g5 { [%clk 0:09:07] } 34...Bf8 { [%clk 0:06:12] } 35.f5 { [%clk 0:08:58] } 35...Rb5 { [%clk 0:04:03] } 36.Ke4 { [%clk 0:08:10] } 36...Ra5 { [%clk 0:02:58] } 37.Bd4 { [%clk 0:06:22] } 37...Rc1 { [%clk 0:02:26] } 38.f6 { [%clk 0:06:17] } 38...Kf7 { [%clk 0:01:38] } 39.Rh2 { [%clk 0:05:04] } 39...Re1+ { [%clk 0:01:32] } 40.Be3 { [%clk 0:05:03] } 40...Rxe3+ { [%clk 0:00:25] } 41.Kxe3 { [%clk 0:04:54] } 41...Rxd5 { [%clk 0:00:21] } 42.Nxf8 { [%clk 0:02:31] } 42...Kxf8 { [%clk 0:59:34] } 43.Rxh5 { [%clk 0:38:28] } 43...h6 { [%clk 0:53:01] } 44.Kf4 { [%clk 0:38:18] } 44...hxg5+ { [%clk 0:52:53] } 45.Rxg5 { [%clk 0:38:16] } 45...Rd2 { [%clk 0:52:08] } 46.Ra5 { [%clk 0:38:10] } 46...Kf7 { [%clk 0:46:05] } 47.Ke3 { [%clk 0:38:04] } 47...Rh2 { [%clk 0:44:42] } 48.Rxa6 { [%clk 0:37:46] } 48...Kxf6 { [%clk 0:44:35] } 49.Kd4 { [%clk 0:36:29] } 49...Ke6 { [%clk 0:43:05] } 50.Kc4 { [%clk 0:34:31] } 50...Rh4+ { [%clk 0:41:32] } 51.Kb5 { [%clk 0:33:46] } 51...Ke5 { [%clk 0:33:53] } 52.Ra8 { [%clk 0:33:40] } 52...Rd4 { [%clk 0:28:35] } 53.Ra4 { [%clk 0:30:39] } 53...Rd2 { [%clk 0:19:41] } 54.Kxb4 { [%clk 0:29:06] } 54...Rd4+ { [%clk 0:15:53] } 55.Kb5 { [%clk 0:28:58] } 55...Rxa4 { [%clk 0:13:00] } 56.bxa4 { [%clk 0:27:34] } 56...d5 { [%clk 0:12:41] } 57.a5 { [%clk 0:27:29] } 57...Kd6 { [%clk 0:12:26] } 58.Kb6 { [%clk 0:27:25] } 58...d4 { [%clk 0:12:19] } 59.a6 { [%clk 0:27:20] } 1-0